| 000 | 01047aam a2200337 4500 | ||
|---|---|---|---|
| 005 | 20230608165842.0 | ||
| 008 | 150722b2011 xxu||||| |||| 00| 0 spa d | ||
| 041 | _aESP | ||
| 082 | _a004.65 S182m | ||
| 100 |
_aSalvador de la Concha, Rodrigo _979276 |
||
| 100 |
_aCaballero Carrasco, José _979277 |
||
| 100 |
_aCastillo Cejudo, María Teresa _979278 |
||
| 100 |
_aNúñez Arrieta, Miguel _979279 |
||
| 245 | _aManual imprescindible de gestión de redes en PYMES y centros educativos | ||
| 260 | _aEspaña | ||
| 260 | _bANAYA | ||
| 260 | _c2011 | ||
| 300 | _a448 páginas | ||
| 650 |
_aREDES DE COMPUTADORES _979280 |
||
| 650 |
_aREDES LOCALES _979281 |
||
| 650 |
_aCONFIGURACIÓN DE REDES _979282 |
||
| 650 |
_aSISTEMAS OPERATIVOS LIBRES _979283 |
||
| 650 |
_aSERVICIOS DE RED _979284 |
||
| 650 |
_aSOFTWARE LIBRE _979285 |
||
| 650 |
_aCONTROL DE EQUIPOS _979286 |
||
| 650 |
_aSEGURIDAD DE REDES _979287 |
||
| 650 |
_aINCIDENCIAS DE RED _979288 |
||
| 650 |
_aEDUCACIÓN DIGITAL _979289 |
||
| 650 |
_aINTERNET _979290 |
||
| 942 | _cBK | ||
| 999 |
_c283 _d283 |
||